Optimálna menová oblasť vrátane Slovenska
Cieľom príspevku je pokúsiť sa vysvetliť teóriu optimálnej menovej oblasti a dôležité vzťahy tejto teórie ako sú asymetrické hospodárske šoky alebo index optimálnej menovej oblasti. Autor aplikuje tiež index optimálnej menovej oblasti na Slovenskú republiku a krajiny EÚ 10.
Enregistré dans:
| Auteur principal: | |
|---|---|
| Format: | Chapitre de livre |
| Langue: | slovaque |
| Sujets: | |
| Tags: |
Pas de tags, Soyez le premier à ajouter un tag!
|
MARC
| LEADER | 00000nla$a2200000$$$4500 | ||
|---|---|---|---|
| 001 | 0146858 | ||
| 005 | 20240709085731.8 | ||
| 041 | 0 | |a slo | |
| 044 | |a SK | ||
| 245 | 1 | 0 | |a Optimálna menová oblasť vrátane Slovenska |c Štefan Sabo |
| 520 | |a Cieľom príspevku je pokúsiť sa vysvetliť teóriu optimálnej menovej oblasti a dôležité vzťahy tejto teórie ako sú asymetrické hospodárske šoky alebo index optimálnej menovej oblasti. Autor aplikuje tiež index optimálnej menovej oblasti na Slovenskú republiku a krajiny EÚ 10. | ||
| 610 | 2 | 0 | |a oblasti menové |
| 610 | 2 | 0 | |a teória zón menových optimálnych |
| 610 | 2 | 0 | |a indexy |
| 610 | 2 | 0 | |a Európska menová únia |
| 610 | 2 | 0 | |a Slovensko |
| 100 | 1 | |a Sabo, Štefan | |